|
|
|
|
| LEADER |
05654nam a2200493 i 4500 |
| 001 |
EBC5516729 |
| 003 |
MiAaPQ |
| 005 |
20200520144314.0 |
| 006 |
m o d | |
| 007 |
cr cnu|||||||| |
| 008 |
181002s2018 gw ob 001 0 eng d |
| 020 |
|
|
|z 9783110579871
|
| 020 |
|
|
|a 9783110580136
|q (electronic bk.)
|
| 020 |
|
|
|a 9783110582765
|q (electronic bk.)
|
| 035 |
|
|
|a (MiAaPQ)EBC5516729
|
| 035 |
|
|
|a (Au-PeEL)EBL5516729
|
| 035 |
|
|
|a (CaPaEBR)ebr11610591
|
| 035 |
|
|
|a (OCoLC)1054065330
|
| 040 |
|
|
|a MiAaPQ
|b eng
|e rda
|e pn
|c MiAaPQ
|d MiAaPQ
|
| 050 |
|
4 |
|a HQ503
|b .T58 2018
|
| 082 |
0 |
|
|a 306.85
|2 23
|
| 245 |
0 |
0 |
|a To be at home :
|b house, work, and self in the modern world /
|c edited by James Williams, Felicitas Hentschke.
|
| 250 |
|
|
|a 1.
|
| 264 |
|
1 |
|a Berlin ;
|a Boston :
|b De Gruyter Oldenbourg,
|c [2018]
|
| 264 |
|
4 |
|c 2018
|
| 300 |
|
|
|a 1 online resource (304 pages).
|
| 336 |
|
|
|a text
|b txt
|2 rdacontent
|
| 337 |
|
|
|a computer
|b c
|2 rdamedia
|
| 338 |
|
|
|a online resource
|b cr
|2 rdacarrier
|
| 490 |
1 |
|
|a Work in global and historical perspective ;
|v Volume 5
|
| 504 |
|
|
|a Includes bibliographical references and index.
|
| 505 |
8 |
|
|a Machine generated contents note: To Be at Home: House, Work and Self in the Modern World -- Table of Contents -- Acknowledgments -- Foreword -- Mamphela Ramphele -- Preface -- Andreas Eckert -- Introduction: To Be at Home-House, Work and Self in the Modern World -- Felicitas Hentschke and James Williams -- -- 1. Homes and Mobility: Borders, Boundaries, Thresholds -- Shoes Painfully Small: Material and Maternal Discomfort in Cape Verdean Remittance Houses -- Heike Drotbohm -- Hostel, Home and 'Life-Rhythm' for African Workers behind the Berlin Wall -- Eric Allina -- From Forecastle to Folk Club: The Homeless Seafarer -- Jonathan Hyslop -- Kinship and Displacement in Post-War Liberia: Children's Lives in an IDP Camp -- James Williams -- -- 2. HOUSES, WORK and Everyday Life: Rhythms, Ruptures, Cycles -- Constructing Nineteenth-Century Middle Class Milieus: The Labour of Geselligkeit -- David Warren Sabean -- Home-Making among the Kel Ewey Tuareg in the Sahara -- Gerd Spittler -- Living in Homes, but What Kinds and Whose? Single Young People in Nineteenth-Century Central Europe -- Josef Ehmer -- The Place of Work and Workplace in Girls' Identities in Chinese and European History -- Mary Jo Maynes and Ann Waltner -- + Thabang Sefalafala -- -- 3c. Construction, Demolition, Relocation -- Evicted in Dar es Salaam: From Tanganyika Packers to Uptown Kawe -- Thaddeus Sunseri -- "Build us a Church and We'll Stay!": Italian Migrant Workers in Lorraine -- Felicitas Hentschke -- Remaking Homes and Reproducing Inequalities in an Eastern Indian Steel Town -- Christian Strumpell -- + Alla Bolotova -- -- 4. THE POWER of PLACE: SPACE, EXCLUSIONS, Vulnerability -- Homes and Colonial Violence: The Coolie Pondok -- Vincent Houben -- Public-Private Continuities and Alternate Domesticities -- Renu Addlakha -- Subaltern Urbanism, Or Dwelling and the Unhoused -- Anupama Rao -- + Anne-Katrin Bicher -- -- 5. Houses and Selves: Nostalgia, Imagination, Memory -- Where I Rest my Sea Legs? Bulgarian Seafarers between the Home and the Ship -- Milena Kremakova -- The Home and the Hearth: Poetic Imagination and Bhojpuriya Women -- Nitin Sinha -- A Woman and a Nation: A Story of Job and Home in China -- Ju Li -- + Sidney Chalhoub -- -- 6. HOMES AND STYLE: AESTHETICS, POETICS, ETHICS -- + Jan Grill -- + Steven Rockell -- + Nitin Varma -- -- 7. Networks, Neighbourhoods, Communities -- The Enlarged Parlour? Structures and Varieties of German Working-Class Housing around 1900 -- Jurgen Schmidt -- The Chawl and the Slum: The Transformation of Housing in Ahmedabad's Industrial East -- Rukmini Barua -- "Land of Boarding Houses": Migrant Workers and Collective Dwellings in Sao Paulo, Brazil, 1945-1970 -- Paulo Fontes -- The Political Work of Home-Making by Refugees and Civil Society in Berlin -- Fazila Bhimji -- -- 8. BEING AT HOME IN THE WORLD: Thinking with Houses and Homes -- The Importance of Owning a Home in Bamako, or Life after Death -- Isaie Dougnon -- From Ancestral Tablets to Patriotic Snapshots: Remembering Kinship in Rural Chinese Homes -- Charlotte Bruckermann -- Unhomely Afterlives: Reading Life-Phases through Phases of Afterlife -- Claudio Pinheiro -- + Maria Jose de Abreu -- -- REFLECTIONS -- On Homes, Work and Personhood -- Prabhu Mohapatra -- On Photography and History -- Alf Ludtke -- On Why Homes Still Matter: Thoughts on Mamphela Ramphela's A Bed Called Home: Life in the Migrant Labour Hostels of Cape Town -- Frederick Cooper -- Contributor Biographies -- Photography Credits -- Index.
|
| 588 |
|
|
|a Description based on print version record.
|
| 590 |
|
|
|a Electronic reproduction. Ann Arbor, MI : ProQuest, 2018. Available via World Wide Web. Access may be limited to ProQuest affiliated libraries.
|
| 650 |
|
0 |
|a Home
|x Social aspects.
|
| 650 |
|
0 |
|a Home
|x Psychological aspects.
|
| 650 |
|
0 |
|a Architecture and society.
|
| 655 |
|
4 |
|a Electronic books.
|
| 700 |
1 |
|
|a Williams, James
|q (James R.),
|c Writer on social anthropology,
|e editor.
|
| 700 |
1 |
|
|a Hentschke, Felicitas,
|e editor.
|
| 776 |
0 |
8 |
|i Print version:
|t To be at home : house, work, and self in the modern world.
|d Berlin ; Boston : De Gruyter Oldenbourg, c2018
|h 304 pages
|k Work in global and historical perspective ; Volume 5.
|z 9783110579871
|w (DLC) 2018026137
|
| 797 |
2 |
|
|a ProQuest (Firm)
|
| 830 |
|
0 |
|a Work in global and historical perspective ;
|v Volume 5.
|
| 856 |
4 |
0 |
|u https://ebookcentral.proquest.com/lib/matrademy/detail.action?docID=5516729
|z Click to View
|